|
|
|
|
| LEADER |
00000nam0a2200000 4500 |
| 001 |
102263 |
| 005 |
20231101214422.0 |
| 035 |
|
|
|a (RuTPU)RU\TPU\book\110273
|
| 090 |
|
|
|a 102263
|
| 100 |
|
|
|a 20060921d1984 m y0rusy50 ca
|
| 101 |
0 |
|
|a rus
|
| 102 |
|
|
|a RU
|
| 105 |
|
|
|a ac z 011ab
|
| 200 |
1 |
|
|a Д. И. Менделеев
|f В. И. Стариков
|g худ. А. В. Вохмин
|
| 210 |
|
|
|a Свердловск
|c Средне-Уральское кн. изд-во
|d 1984
|
| 215 |
|
|
|a 256 с., [8] вкл. л.
|c ил.
|d 20,5 см.
|
| 225 |
1 |
|
|a Наши земляки
|
| 300 |
|
|
|a К 150-летию со дня рождения Д. И. Менделеева
|
| 320 |
|
|
|a Литература о жизни и деятельности Д. И. Менделеева: с. 251-252
|
| 320 |
|
|
|a Хронология жизни, научного творчества и практической деятельности Д. И. Менделеева: с. 248-250.
|
| 600 |
|
1 |
|a Менделеев
|g Дмитрий Иванович
|b Д. И.
|c учёный-энциклопедист, химик, педагог
|f 1834-1907
|c член-корреспондент Петербургской АН
|2 stltpush
|3 (RuTPU)RU\TPU\pers\1367
|
| 606 |
1 |
|
|a Химики
|x Персоналии
|2 stltpush
|3 (RuTPU)RU\TPU\subj\69968
|9 84576
|
| 610 |
1 |
|
|a история науки
|
| 610 |
1 |
|
|a 19 век
|
| 610 |
1 |
|
|a 20 век
|
| 610 |
1 |
|
|a химия
|
| 675 |
|
|
|a 54(092)
|v 3
|
| 700 |
|
1 |
|a Стариков
|b В. И.
|g Валентин Иванович
|
| 702 |
|
1 |
|a Вохмин
|b А. В.
|4 040
|
| 801 |
|
1 |
|a RU
|b 63413507
|c 20060921
|g PSBO
|
| 801 |
|
2 |
|a RU
|b 63413507
|c 20180110
|g PSBO
|
| 942 |
|
|
|c BK
|